Statistics for NBA 2000s Leaders Per Team

Click here to take the quiz!

General Stats

  • This quiz has been taken 571 times
  • The average score is 48 of 81

Answer Stats

TeamPlayer% Correct
76ersAllen Iverson
97%
CavaliersLeBron James
96%
LakersShaquille O'Neal
94%
HeatDwyane Wade
92%
TimberwolvesKevin Garnett
92%
LakersKobe Bryant
92%
SpursTim Duncan
92%
CelticsPaul Pierce
91%
Mavericks ,SunsSteve Nash
90%
MavericksDirk Nowitzki
89%
SpursTony Parker
89%
NetsJason Kidd
88%
PistonsBen Wallace
87%
NuggetsCarmelo Anthony
86%
BobcatsGerald Wallace
86%
GrizzliesPau Gasol
86%
Trail BlazersRasheed Wallace
86%
NetsVince Carter
86%
HornetsChris Paul
84%
PacersJermaine O'Neal
84%
SpursManu Ginóbili
84%
MagicTracy McGrady
84%
MagicDwight Howard
83%
PistonsChauncey Billups
81%
RocketsYao Ming
80%
RaptorsChris Bosh
79%
KingsChris Webber
76%
Trail BlazersDamon Stoudamire
76%
NuggetsAndre Miller
72%
WarriorsBaron Davis
72%
GrizzliesJason Williams
72%
HawksJoe Johnson
72%
WizardsGilbert Arenas
71%
JazzKarl Malone
71%
PistonsRichard Hamilton
71%
JazzJohn Stockton
69%
ThunderGary Payton
68%
KingsPeja Stojaković
65%
SunsShawn Marion
65%
HeatAlonzo Mourning
64%
HornetsDavid West
64%
CavaliersZydrunas Ilgauskas
64%
HawksJosh Smith
63%
KingsMike Bibby
62%
ClippersElton Brand
58%
BucksMichael Redd
57%
HeatUdonis Haslem
55%
KingsVlade Divac
54%
JazzAndrei Kirilenko
49%
ThunderRashard Lewis
49%
WarriorsJason Richardson
48%
CelticsKendrick Perkins
48%
Trail BlazersZach Randolph
48%
WizardsAntawn Jamison
46%
RocketsSteve Francis
45%
NetsKenyon Martin
44%
NuggetsMarcus Camby
43%
BullsTyson Chandler
41%
KnicksAllan Houston
40%
BullsBen Gordon
40%
BullsKirk Hinrich
39%
KnicksLatrell Sprewell
37%
KnicksStephon Marbury
35%
BucksAndrew Bogut
33%
BobcatsEmeka Okafor
33%
KingsDoug Christie
32%
HawksJason Terry
30%
BucksSam Cassell
29%
KnicksKurt Thomas
28%
RaptorsJosé Calderón
22%
76ersSamuel Dalembert
20%
GrizzliesShane Battier
19%
PacersJamaal Tinsley
18%
BobcatsRaymond Felton
18%
WizardsBrendan Haywood
16%
RaptorsMorris Peterson
16%
WarriorsAdonal Foyle
14%
MagicDarrell Armstrong
12%
WarriorsTroy Murphy
11%
Trail BlazersJoel Przybilla
7%
BucksDan Gadzuric
5%

Score Distribution

Percentile by Number Answered

Percent of People with Each Score

Your Score History

You have not taken this quiz